[Event "AUTO-MASTER-1583"]
[Site "http://www.queenalice.com/game.php?id=1026931"]
[Date "2012.2.6"]
[Round "1"]
[White "matamuff"]
[Black "ag_230108"]
[Result "0-1"]
[WhiteElo "1901"]
[BlackElo "2019"]

1. b3 e5 2. g3 f5 3. Bg2 Nf6 4. c4 d5 5. cxd5 Nxd5 6. Bb2 Nc6 7. e3 Be6 8. Ne2
Be7 9. d4 e4 10. O-O O-O 11. a3 a5 12. Nbc3 Bd6 13. Nxd5 Bxd5 14. Nc3 Bf7 15. f3
Qg5 16. f4 Qg6 17. Nb5 Ne7 18. Nxd6 cxd6 19. Rf2 Nd5 20. Qe1 b5 21. Bf1 Rfb8 22.
b4 axb4 23. axb4 Ra4 24. Bc3 Nf6 25. Rfa2 Bxa2 26. Be2 Bb3 27. Bd1 Bxd1 28. Rxd1
Nd5 29. Bd2 Rba8 30. Rc1 Ra2 31. Qd1 R8a3 32. Rc2 Qg4 33. Rxa2 Qxd1+ 34. Kg2
Rxa2 0-1

[Event "AUTO-MASTER-1583"]
[Site "http://www.queenalice.com/game.php?id=1026932"]
[Date "2012.2.6"]
[Round "1"]
[White "ag_230108"]
[Black "matamuff"]
[Result "1-0"]
[WhiteElo "2042"]
[BlackElo "1907"]

1. d4 b6 2. c4 Bb7 3. Nc3 e6 4. a3 g6 5. Nf3 d6 6. d5 e5 7. e4 Bg7 8. b4 a6 9.
a4 Nd7 10. Be2 Ne7 11. Bg5 h6 12. Be3 O-O 13. O-O Nf6 14. Qd3 Bc8 15. a5 Ng4 16.
Bd2 f5 17. Nh4 f4 18. Nf3 g5 19. Rfc1 Ng6 20. Rcb1 Nf6 21. h3 g4 22. hxg4 Nxg4
23. axb6 cxb6 24. Na4 Bf6 25. c5 b5 26. Nb6 Ra7 27. Rc1 Rh7 28. Nxc8 Qxc8 29.
Qa3 Nh4 30. Qxa6 Qb8 31. Nxh4 Nxf2 32. Ng6 Nxe4 33. Nxf8 Qxf8 34. Be1 Rd7 35.
Bxb5 Rd8 36. c6 f3 37. c7 Rc8 38. Bd7 f2+ 39. Bxf2 Nxf2 40. Bxc8 Bd8 41. Be6+
Kh7 42. cxd8=Q Nh3+ 43. Kh2 Qf4+ 44. Kxh3 1-0

[Event "AUTO-MASTER-1585"]
[Site "http://www.queenalice.com/game.php?id=1027796"]
[Date "2012.2.8"]
[Round "1"]
[White "retkat"]
[Black "ag_230108"]
[Result "1-0"]
[WhiteElo "1874"]
[BlackElo "2052"]

1. e4 e5 2. Nf3 Nc6 3. Bb5 a6 4. Ba4 b5 5. Bb3 Bc5 6. O-O Nf6 7. Re1 Ng4 8. Rf1
O-O 9. h3 Nf6 10. d3 d6 11. Nc3 Na5 12. Re1 c6 13. Be3 Bxe3 14. Rxe3 Qc7 15. Qd2
Rd8 16. Ree1 Nxb3 17. axb3 a5 18. Ne2 c5 19. Ng3 h6 20. Qe3 Be6 21. Nh4 d5 22.
exd5 Nxd5 23. Qxe5 Qxe5 24. Rxe5 a4 25. bxa4 Rxa4 26. Rxa4 bxa4 27. Ne4 Rb8 28.
Nxc5 Rxb2 29. Nxa4 Rxc2 30. Ng6 fxg6 31. Rxe6 Nf4 32. Rd6 Kf8 33. Rd7 1-0

[Event "AUTO-MASTER-1585"]
[Site "http://www.queenalice.com/game.php?id=1027797"]
[Date "2012.2.8"]
[Round "1"]
[White "ag_230108"]
[Black "retkat"]
[Result "0-1"]
[WhiteElo "2029"]
[BlackElo "1897"]

1. d4 d5 2. c4 c6 3. Nf3 Nf6 4. e3 Bg4 5. h3 Bh5 6. Nc3 e6 7. Be2 h6 8. Ne5 Bxe2
9. Qxe2 Nbd7 10. O-O Bd6 11. f4 O-O 12. c5 Bc7 13. b4 Nxe5 14. fxe5 Nd7 15. e4
Qe7 16. Be3 dxe4 17. Nxe4 f6 18. exf6 Nxf6 19. Nxf6+ Rxf6 20. Rxf6 Qxf6 21. Rf1
Qg6 22. Bf4 Bxf4 23. Rxf4 Rf8 24. Qe4 Qxe4 25. Rxe4 Rf6 26. g4 Kf7 27. Kg2 Ke7
28. h4 Rf8 29. h5 a6 30. a3 Rf6 31. g5 hxg5 32. Rg4 Rf5 0-1

[Event "AUTO-MASTER-1585"]
[Site "http://www.queenalice.com/game.php?id=1027810"]
[Date "2012.2.8"]
[Round "1"]
[White "gmvilela"]
[Black "ag_230108"]
[Result "0-1"]
[WhiteElo "2159"]
[BlackElo "2053"]

1. e4 e5 2. Nf3 Nc6 3. Bc4 d6 4. d4 Nf6 5. dxe5 dxe5 6. Qxd8+ Nxd8 7. Nxe5 Be6
8. Bb5+ c6 9. Bd3 Bd6 10. Nf3 Nd7 11. Nc3 Bg4 12. Nd4 Ne6 13. Nxe6 Bxe6 14. f4
f6 15. Be3 O-O-O 16. O-O-O Rhe8 17. a4 b6 18. Be2 Bb4 19. Ba6+ Kc7 20. Ne2 Bc5
21. Nd4 Bg4 0-1

[Event "AUTO-MASTER-1585"]
[Site "http://www.queenalice.com/game.php?id=1027811"]
[Date "2012.2.8"]
[Round "1"]
[White "ag_230108"]
[Black "gmvilela"]
[Result "1-0"]
[WhiteElo "2105"]
[BlackElo "2141"]

1. d4 d5 2. c4 c6 3. Nf3 Nf6 4. c5 Qc7 5. Ne5 Nbd7 6. Bf4 Nxe5 7. Nc3 Qa5 8.
Bxe5 Ne4 9. Qa4 Qxa4 10. Nxa4 f6 11. Bc7 e5 12. f3 Kd7 13. Ba5 Ng5 14. dxe5 fxe5
15. e4 d4 16. b4 Ne6 17. O-O-O Rb8 18. h4 g6 19. h5 g5 20. Bc4 h6 21. g3 Be7 22.
Bb6 Ra8 23. Bxa7 Rxa7 24. Nb6+ Kc7 25. Nxc8 Rxc8 26. Bxe6 Rca8 27. Kc2 Bf6 28.
Rhf1 Ra3 29. Rd3 R8a4 30. f4 Rxd3 31. Kxd3 Rxb4 32. fxe5 Bxe5 33. Rf8 b5 34.
Rf7+ Kb8 35. Bb3 Bxg3 36. Rh7 1-0

[Event "AUTO-MASTER-1585"]
[Site "http://www.queenalice.com/game.php?id=1027818"]
[Date "2012.2.8"]
[Round "1"]
[White "Eduardomoreto67"]
[Black "ag_230108"]
[Result "0-1"]
[WhiteElo "2165"]
[BlackElo "1950"]

1. d4 d5 2. c4 c6 3. Nf3 Nf6 4. cxd5 cxd5 5. Nc3 Nc6 6. Bg5 h6 7. Bxf6 exf6 8.
e3 Bb4 9. a3 Ba5 10. Bd3 Bxc3+ 11. bxc3 O-O 12. O-O Bg4 13. h3 Bh5 14. g4 Bg6
15. Bxg6 fxg6 16. Qb1 f5 17. Qxb7 fxg4 18. Qxc6 Rf6 19. Qb5 gxf3 20. c4 Rf5 21.
Kh2 Qd6+ 22. Kg1 Rg5+ 23. Kh1 Qe6 0-1

[Event "AUTO-MASTER-1585"]
[Site "http://www.queenalice.com/game.php?id=1027819"]
[Date "2012.2.8"]
[Round "1"]
[White "ag_230108"]
[Black "Eduardomoreto67"]
[Result "1-0"]
[WhiteElo "1997"]
[BlackElo "2147"]

1. d4 d5 2. c4 e6 3. Nf3 Nf6 4. e3 c6 5. Bd3 Nbd7 6. O-O Be7 7. Nc3 O-O 8. Re1
h6 9. e4 dxe4 10. Nxe4 Nxe4 11. Rxe4 Nf6 12. Re1 c5 13. dxc5 Bxc5 14. Bf4 Qb6
15. Qc2 Bd7 16. Ne5 Bc6 17. Rab1 Rfd8 18. b4 Bxb4 19. Bd2 Rxd3 20. Nxd3 Be4 21.
Bxb4 Qd4 22. Red1 Rc8 23. Qb3 Ng4 24. h3 Nf6 25. Nc5 Qe5 26. Nxe4 Nxe4 27. Qa3
Qf4 28. Qxa7 Rxc4 29. Be1 Rc2 30. Rxb7 Ng5 31. Bd2 Rxd2 32. Qb8+ 1-0

[Event "AUTO-MASTER-1586"]
[Site "http://www.queenalice.com/game.php?id=1028209"]
[Date "2012.2.9"]
[Round "1"]
[White "kookaburra"]
[Black "ag_230108"]
[Result "1-0"]
[WhiteElo "2224"]
[BlackElo "2096"]

1. e4 e5 2. Nf3 Nc6 3. Bb5 a6 4. Ba4 Nf6 5. O-O b5 6. Bb3 Nxe4 7. Bd5 Nf6 8.
Bxc6 dxc6 9. Nxe5 Bd6 10. d4 O-O 11. Bg5 Re8 12. Nc3 Bxe5 13. dxe5 Qxd1 14.
Raxd1 Ng4 15. Bf4 Bf5 16. Rfe1 f6 17. exf6 Nxf6 18. f3 Bxc2 19. Rxe8+ Rxe8 20.
Rd2 Bf5 21. Bxc7 Be6 22. b3 Kf7 23. Kf2 c5 24. Rd6 b4 25. Ne4 Nxe4+ 26. fxe4 a5
27. Ra6 c4 28. bxc4 Bxc4 29. Rxa5 Rxe4 30. Bd6 Re2+ 31. Kf3 Rb2 32. g4 Ke6 33.
Bf8 Bxa2 34. h4 g6 35. Rb5 Bd5+ 36. Ke3 b3 37. Rb6+ Kf7 38. Bd6 Rb1 39. Be5 Rd1
40. h5 gxh5 41. gxh5 Rh1 42. h6 Rd1 43. Bg7 Bc4 44. Kf4 Rd2 45. Ke3 Re2+ 46. Kf3
Re1 47. Rf6+ Ke7 48. Rb6 1-0

[Event "AUTO-MASTER-1586"]
[Site "http://www.queenalice.com/game.php?id=1028210"]
[Date "2012.2.9"]
[Round "1"]
[White "ag_230108"]
[Black "kookaburra"]
[Result "0-1"]
[WhiteElo "2106"]
[BlackElo "2215"]

1. d4 Nf6 2. c4 c5 3. d5 g6 4. Nc3 Bg7 5. f3 O-O 6. e4 e6 7. Bg5 d6 8. Bd3 Qb6
9. b3 exd5 10. Bxf6 Bxf6 11. Nxd5 Qd8 12. Nxf6+ Qxf6 13. Ne2 Qh4+ 14. Ng3 Nc6
15. Qd2 Nd4 16. O-O Bd7 17. Ne2 Qf6 18. Rad1 Bc6 19. Nxd4 Qxd4+ 20. Qf2 Qf6 21.
a3 Rad8 22. b4 b6 23. b5 Bb7 24. Rd2 Qc3 25. Rfd1 Rfe8 26. Bf1 Re6 27. Rd3 Qe5
28. Qh4 g5 29. Qg4 Rg6 30. Qg3 Qxg3 31. hxg3 Re6 32. a4 Kf8 33. a5 Ke7 34. a6
Ba8 35. Kf2 g4 36. Re3 Rg8 37. Bd3 h5 38. Rh1 Rh6 39. Rh4 Kf6 40. Re1 Kg5 41.
Rd1 Kf6 42. Rdh1 Ke5 43. Rxh5+ Rxh5 44. Rxh5+ Ke6 45. Rh6+ f6 46. Rh7 Ke5 47.
Rxa7 f5 48. exf5 d5 49. Re7+ Kd4 0-1

[Event "AUTO-MASTER-1586"]
[Site "http://www.queenalice.com/game.php?id=1028223"]
[Date "2012.2.9"]
[Round "1"]
[White "ag_230108"]
[Black "WeirdGoblin"]
[Result "1-0"]
[WhiteElo "2135"]
[BlackElo "2259"]

1. d4 Nf6 2. c4 e6 3. g3 d5 4. Nf3 dxc4 5. Nc3 c5 6. e3 Nc6 7. Bxc4 cxd4 8. Nxd4
Nxd4 9. Qxd4 Qxd4 10. exd4 Bd7 11. d5 exd5 12. Nxd5 Nxd5 13. Bxd5 Bb4+ 14. Bd2
Bxd2+ 15. Kxd2 O-O-O 16. Kc3 Kb8 17. Rhd1 f6 18. Rd4 Bf5 19. Rad1 Rc8+ 20. Kb4
Rhd8 21. g4 Bg6 22. f4 Rd6 23. f5 Be8 24. Be6 Rb6+ 25. Ka3 Ra6+ 26. Kb3 Rb6+ 27.
Rb4 Rxb4+ 28. Kxb4 a5+ 29. Kb3 g6 30. Bxc8 a4+ 31. Ka3 Kxc8 32. Rd6 gxf5 33.
gxf5 1-0

[Event "AUTO-MASTER-1586"]
[Site "http://www.queenalice.com/game.php?id=1028224"]
[Date "2012.2.9"]
[Round "1"]
[White "WeirdGoblin"]
[Black "ag_230108"]
[Result "0-1"]
[WhiteElo "2292"]
[BlackElo "2118"]

1. d4 d5 2. Nf3 c5 3. c4 Nf6 4. cxd5 Qxd5 5. Nc3 Qd8 6. e4 e6 7. Bg5 Nbd7 8. e5
h6 9. Bh4 g5 10. Nxg5 hxg5 11. Bxg5 Qb6 12. exf6 cxd4 13. Na4 Qa5+ 14. Bd2 Bb4
15. b3 Qe5+ 16. Qe2 Bxd2+ 17. Kxd2 Qxf6 18. Rc1 e5 19. Nc5 Rh6 20. Kd1 Qe7 21.
Ne4 a6 22. h4 Nf6 23. Nxf6+ Rxf6 24. h5 Bf5 25. Qd2 Bg4+ 26. Ke1 e4 27. h6 e3
28. fxe3 dxe3 29. Qd4 e2 0-1

[Event "AUTO-MASTER-1586"]
[Site "http://www.queenalice.com/game.php?id=1028225"]
[Date "2012.2.9"]
[Round "1"]
[White "ag_230108"]
[Black "jpolgar99"]
[Result "1-0"]
[WhiteElo "2078"]
[BlackElo "1900"]

1. d4 d5 2. c4 c6 3. Nf3 Nf6 4. e3 Bg4 5. h3 Bh5 6. g4 Bg6 7. Nc3 e6 8. Bg2 Nbd7
9. Qb3 b6 10. Nd2 Be7 11. O-O O-O 12. f4 Be4 13. Ncxe4 Nxe4 14. Nxe4 dxe4 15.
Bxe4 Rc8 16. Qc2 g6 17. g5 f6 18. Bxg6 f5 19. Bh5 c5 20. d5 e5 21. e4 exf4 22.
Bxf4 Nb8 23. e5 Bxg5 24. Qg2 h6 25. h4 Kh8 26. hxg5 Rg8 27. e6 hxg5 28. Be5+ Kh7
29. Bf7 Rg6 30. Qh3+ 1-0

[Event "AUTO-MASTER-1586"]
[Site "http://www.queenalice.com/game.php?id=1028226"]
[Date "2012.2.9"]
[Round "1"]
[White "jpolgar99"]
[Black "ag_230108"]
[Result "0-1"]
[WhiteElo "1929"]
[BlackElo "2030"]

1. e4 e5 2. Nf3 Nc6 3. Bb5 a6 4. Ba4 f5 5. Nc3 b5 6. Bb3 Nf6 7. d3 Bb4 8. Bd2
Bb7 9. O-O fxe4 10. Nxe4 Bxd2 11. Qxd2 Nxe4 12. dxe4 Rf8 13. Rad1 Rxf3 14. gxf3
Nd4 15. Qe3 Qf6 16. Rd3 d6 17. c3 Qg6+ 18. Kh1 Nxf3 19. Bf7+ Qxf7 20. Qxf3 Qxf3+
21. Rxf3 Bxe4 22. Kg2 Kd7 23. Kg3 Bxf3 24. Kxf3 Rf8+ 25. Ke3 d5 26. b3 c5 27.
Rg1 g6 28. f3 Kd6 29. h4 d4+ 30. cxd4 exd4+ 31. Kf2 c4 32. bxc4 bxc4 33. h5 gxh5
34. Ke2 Re8+ 35. Kd2 c3+ 36. Kd3 Kd5 37. Rg5+ Re5 38. Rg7 Re3+ 39. Kc2 Re2+ 40.
Kc1 d3 41. Rd7+ Kc4 42. Rc7+ Kb4 43. Rb7+ Ka5 44. Rd7 Re1# 0-1

[Event "AUTO-MASTER-1661"]
[Site "http://www.queenalice.com/game.php?id=1064619"]
[Date "2012.5.27"]
[Round "1"]
[White "CapitanFerrini"]
[Black "ag_230108"]
[Result "1-0"]
[WhiteElo "2052"]
[BlackElo "2085"]

1. e4 e5 2. Nf3 Nc6 3. Bc4 Bc5 4. c3 Nf6 5. d3 O-O 6. Bb3 d5 7. Qe2 Bg4 8. Nbd2
Re8 9. h3 Bh5 10. O-O Qd7 11. Re1 d4 12. Nc4 b5 13. Ncd2 dxc3 14. bxc3 1-0

[Event "AUTO-MASTER-1661"]
[Site "http://www.queenalice.com/game.php?id=1064620"]
[Date "2012.5.27"]
[Round "1"]
[White "ag_230108"]
[Black "CapitanFerrini"]
[Result "0-1"]
[WhiteElo "2068"]
[BlackElo "2069"]

1. d4 d5 2. Nc3 Nf6 3. Bg5 e6 4. e4 dxe4 5. Nxe4 Nbd7 6. Qf3 Be7 7. O-O-O Nxe4
8. Bxe7 Qxe7 9. Qxe4 Nf6 10. Qh4 O-O 11. g4 b5 12. g5 Nd5 13. Bd3 Bb7 0-1

[Event "AUTO-MASTER-1661"]
[Site "http://www.queenalice.com/game.php?id=1064635"]
[Date "2012.5.27"]
[Round "1"]
[White "Gianuzio"]
[Black "ag_230108"]
[Result "1-0"]
[WhiteElo "1994"]
[BlackElo "2160"]

1. Nf3 d5 2. c4 d4 3. d3 Nc6 4. g3 e5 5. Bg2 Nf6 6. O-O Be7 7. e3 dxe3 8. Bxe3
O-O 9. Nc3 Be6 10. a3 Ng4 11. Nd5 Bd6 12. Nc3 Qd7 13. Ng5 Nxe3 14. fxe3 1-0

[Event "AUTO-MASTER-1661"]
[Site "http://www.queenalice.com/game.php?id=1064636"]
[Date "2012.5.27"]
[Round "1"]
[White "ag_230108"]
[Black "Gianuzio"]
[Result "0-1"]
[WhiteElo "2143"]
[BlackElo "2017"]

1. e4 e6 2. e5 d6 3. Nf3 Nd7 4. d4 Nb6 5. Bd3 dxe5 6. dxe5 Ne7 7. O-O Bd7 8. Qe2
Ng6 9. Rd1 Be7 10. a4 O-O 11. Be4 c6 12. a5 Nd5 13. c4 Ndf4 0-1

[Event "AUTO-MASTER-1661"]
[Site "http://www.queenalice.com/game.php?id=1064647"]
[Date "2012.5.27"]
[Round "1"]
[White "ag_230108"]
[Black "tiagoadc1"]
[Result "1-0"]
[WhiteElo "2156"]
[BlackElo "1898"]

1. e4 e6 2. c4 d5 3. exd5 exd5 4. d4 Nf6 5. Nc3 Be7 6. cxd5 Nxd5 7. Nf3 O-O 8.
Bc4 Nb6 9. Bd3 Bf6 10. Ne5 Re8 11. O-O N8d7 12. Bf4 Nxe5 13. dxe5 Bg5 14. Bg3
Be6 15. f4 Bh4 16. Bxh7+ Kxh7 17. Qh5+ Kg8 18. Bxh4 Qd4+ 19. Bf2 Qd3 20. Rad1
Qf5 21. Qxf5 Bxf5 22. Nb5 Rec8 23. b3 1-0

[Event "AUTO-MASTER-1661"]
[Site "http://www.queenalice.com/game.php?id=1064648"]
[Date "2012.5.27"]
[Round "1"]
[White "tiagoadc1"]
[Black "ag_230108"]
[Result "0-1"]
[WhiteElo "1917"]
[BlackElo "2151"]

1. d4 Nf6 2. c4 e6 3. Nf3 Bb4+ 4. Bd2 Bxd2+ 5. Qxd2 O-O 6. Nc3 d5 7. e3 a6 8.
Rc1 Qe7 9. Qc2 Rd8 10. Bd3 dxc4 11. Bxc4 c5 12. O-O cxd4 13. Nxd4 b5 14. Bd3 Bb7
15. Ne4 Nbd7 16. Nxf6+ Nxf6 17. Nc6 Bxc6 18. Qxc6 Qf8 19. Be2 Rd2 20. Bf3 Rb8
21. Qxa6 Rxb2 22. Rb1 Rxb1 23. Rxb1 b4 0-1